000 00967nam a2200289Ia 4500
003 OSt
005 20220918193401.0
006 a|||||r|||| 00| 0
007 ta
008 220917b |||||||| |||| 00| 0 eng d
024 _a72,884
037 _cTextual
040 _aARTS
_cARTS
_beng
041 _2eng
_aeng
082 _aR5xL70p73,N74, M0 (ER)
100 _aSteinkraus Warren E Ed.
_978205
110 _aConference On Art And Locic In Hegals Philosophy , 1974 (Georgetown)
_981622
245 0 _aArt and logic in Hegel's philosophy
260 _aNew Jersey
_bHumanities Press
_c1980
300 _a274p.
_ccm.
500 _aAppendix238-70p
650 _aAESTHETICS
700 _a Schmitz Kenneth L Ed.
_981623
700 _aConference On Art And Locic In Hegals Philosophy , 1974 (Georgetown)
_981624
942 _hR5xL70p73,N74, M0 (ER)
_cTEXL
_2CC
999 _c198825
_d198825